000 00887nam a2200241 a 4500
001 BRCA_8494
005 20190320210315.0
008 010616s1998----mx-a######---#000-0#spa-#
041 _aspa
044 _amx
050 4 _aBX3250
_b.C66 1998
245 1 0 _aConvento del Santo Desierto de Nuestra Señora del Carmen
_ctextos Eduardo Durán, Jesús Estrada.
260 _aTenancingo, Estado de México
_bCarmelitas Descalzos
_cc1998
300 _a70 p.
_bil. a color
_c24 cm.
500 _aIncluye efemérides de la orden del Carmen y del santo desierto y lista de superiores de este santo desierto del Carmen
504 _aBibliografía : p. 70
610 2 4 _aSanto Desierto de Tenancingo (Monasterio)
_94576
650 1 4 _aCarmelitas en México
_921289
650 1 4 _aOrdenes religiosas
_96840
700 1 _aDurán, Eduardo
_921290
700 1 _aEstrada, Jesús
_921291
942 _2lcc
_cB
999 _c8161
_d8161